| 000 | 01627nam a2200421 i 4500 | ||
|---|---|---|---|
| 001 | 1340 | ||
| 003 | KOSZ 005 | ||
| 005 | 20201123085004.0 | ||
| 008 | 000320s1979 pl a f |000 0 pol | ||
| 015 | _aPB 1980/6407 | ||
| 035 | _a(OCoLC)830955854 | ||
| 040 |
_aWA N _cWA N _dKOSZ 005/HR |
||
| 041 | 0 | _apol | |
| 046 | _k1979 | ||
| 080 | _a556.18(438) | ||
| 080 | _a502.5(438) | ||
| 080 | _a(06) | ||
| 245 | 0 | 0 |
_aZagospodarowanie Wisły w świetle ochrony środowiska = _bDevelopment of Wisła in the light of protection of environment : scientific technical seminary, Warsaw, 26. 03. 1979 : post-conference papers : seminarium naukowo-techniczne,Warszawa, 26. 03. 1979 : materiały pokonferencyjne / _cKomitet Naukowo-Techniczny NOT [Naczelnej Organizacji Technicznej] d/s Kształtowania i Ochrony Środowiska. |
| 260 |
_aWarszawa : _b"Sigma", _c1979. |
||
| 300 |
_a131, [1] s. : _b2 il. 2 mapy, tab. ; _c21 cm. |
||
| 336 |
_2rdacontent _aTekst _btxt |
||
| 337 |
_2rdamedia _aBez urządzenia pośredniczącego _bn |
||
| 338 |
_2rdacarrier _aWolumin _bnc |
||
| 380 | _aKsiążki | ||
| 380 | _aPublikacje naukowe | ||
| 388 | _a1901-2000 | ||
| 388 | _a1945-1989 | ||
| 500 | _aNa s. tyt. nr kolejny publ. Komitetu: 7. | ||
| 504 | _aBibliogr. przy referatach. | ||
| 650 | 4 | _aGospodarka wodna | |
| 650 | 4 | _aOchrona środowiska | |
| 651 | 4 | _aWisła (rzeka) | |
| 651 | 4 | _aPolska | |
| 655 | 4 | _aMateriały konferencyjne | |
| 658 | _aOchrona środowiska | ||
| 856 |
_uhttp://koha.tu.koszalin.pl/cgi-bin/koha/opac-detail.pl?biblionumber=1340 _yKatalog online BPK |
||
| 942 |
_2UKD _cKS |
||
| 999 |
_c1340 _d1340 |
||